| 000 | 00808nai a2200205Ia 4500 | ||
|---|---|---|---|
| 003 | IN-BaIIA | ||
| 008 | 211028c9999 xx s 000 0 eng d | ||
| 022 | _a0277-6278 (Print) | ||
| 022 | _a2374-9822 (Online) | ||
| 040 | _cIIA Library | ||
| 245 | 0 |
_aTransactions of the Institute of Radio Engineers Professional Group on Nuclear Science _h[eJournal] |
|
| 260 |
_aNew York, USA _bThe Institute of Electrical and Electronics Engineers, Inc. (IEEE) |
||
| 310 | _aAnnually | ||
| 362 | _aNS-1(1); 1954 - NS-1(1); 1954 | ||
| 521 | _bSubscribed through National Knowledge Resource Consortium (NKRC) | ||
| 650 | _a Power, Energy and Industry Applications | ||
| 650 | _aNuclear Engineering | ||
| 856 |
_uhttps://ieeexplore.ieee.org/servlet/opac?punumber=6449343 _yClick Here to Access eJournal |
||
| 942 | _cEJ | ||
| 999 |
_c35816 _d35816 |
||